Monetary Finance : Do Not Touch, or Handle with Care? /

This paper reviews the theoretical arguments in favor and against MF and presents an empirical assessment of the risks that it may pose for inflation.

Dettagli Bibliografici
Autore principale: Agur, Itai
Altri autori: Capelle, Damien, Dell'Ariccia, Giovanni, Sandri, Damiano
Natura: Periodico
Lingua:English
Pubblicazione: Washington, D.C. : International Monetary Fund, 2022.
Serie:Departmental Papers; Departmental Paper ; No 2022/001
Accesso online:Full text available on IMF
LEADER 01342cas a2200277 a 4500
001 AALejournalIMF022564
008 230101c9999 xx r poo 0 0eng d
020 |c 20.00 USD 
020 |z 9781513592541 
022 |a 2616-5333 
040 |a BD-DhAAL  |c BD-DhAAL 
100 1 |a Agur, Itai. 
245 1 0 |a Monetary Finance :   |b Do Not Touch, or Handle with Care? /  |c Itai Agur, Damien Capelle, Giovanni Dell'Ariccia, Damiano Sandri. 
264 1 |a Washington, D.C. :  |b International Monetary Fund,  |c 2022. 
300 |a 1 online resource (47 pages) 
490 1 |a Departmental Papers 
500 |a <strong>Off-Campus Access:</strong> No User ID or Password Required 
500 |a <strong>On-Campus Access:</strong> No User ID or Password Required 
506 |a Electronic access restricted to authorized BRAC University faculty, staff and students 
520 3 |a This paper reviews the theoretical arguments in favor and against MF and presents an empirical assessment of the risks that it may pose for inflation. 
538 |a Mode of access: Internet 
700 1 |a Capelle, Damien. 
700 1 |a Dell'Ariccia, Giovanni. 
700 1 |a Sandri, Damiano. 
830 0 |a Departmental Papers; Departmental Paper ;  |v No 2022/001 
856 4 0 |z Full text available on IMF  |u http://elibrary.imf.org/view/journals/087/2022/001/087.2022.issue-001-en.xml  |z IMF e-Library